XXVIIсъезд КПСС: консультации по истории КПСС

Chi tiết về thư mục
Tác giả chính: Маслов Н. Н. Николай Николаенвич
Tóm tắt:Исключено из фонда НТБ ТПУ
Ngôn ngữ:Tiếng Nga
Được phát hành: Москва, Политиздат, 1987
Định dạng: MixedMaterials Sách
KOHA link:https://koha.lib.tpu.ru/cgi-bin/koha/opac-detail.pl?biblionumber=256400

MARC

LEADER 00000nam0a2200000 4500
001 256400
005 20231031215515.0
035 |a (RuTPU)RU\TPU\book\279077 
090 |a 256400 
100 |a 20140408d1987 k y0rusy50 ca 
101 0 |a rus 
102 |a RU 
105 |a y z 001zy 
200 1 |a XXVIIсъезд КПСС  |e консультации по истории КПСС  |f Н. Н. Маслов 
210 |a Москва  |c Политиздат  |d 1987 
215 |a 95 с. 
333 |a Исключено из фонда НТБ ТПУ 
700 1 |a Маслов  |b Н. Н.  |g Николай Николаенвич 
801 1 |a RU  |b 63413507  |c 20140408 
801 2 |a RU  |b 63413507  |c 20220309  |g RCR 
942 |c BK